[Event "4NCL Division 3"]
[Site "Daventry Court ENG"]
[Date "2014.03.22"]
[Round "7.165"]
[White "Piper, Stephen J"]
[Black "Horspool, Philip J"]
[Result "0-1"]
[WhiteElo "2064"]
[BlackElo "2013"]
[PlyCount "94"]
[EventDate "2014.03.22"]
[WhiteTeam "The Rookies"]
[BlackTeam "e2e4.org.uk 3"]

1. c4 Nf6 2. Nc3 g6 3. g3 d5 4. cxd5 Nxd5 5. Bg2 Nb6 6. Nf3 Bg7 7. O-O O-O 8.
d3 Bd7 9. Bf4 Bc6 10. e4 Na6 11. d4 h6 12. h4 Kh7 13. a3 Bd7 14. Qc1 c6 15. Rd1
Rc8 16. Ne5 Be6 17. Qc2 Qe8 18. b4 Nd7 19. Nf3 Bg4 20. e5 f6 21. Re1 Qf7 22.
Nh2 Bf5 23. Qe2 fxe5 24. dxe5 Be6 25. Nf3 Nc7 26. Rad1 Nb6 27. Ne4 Kh8 28. Qd2
Nc4 29. Qc1 Bg4 30. Rd3 b5 31. Bxh6 Bf5 32. Nfg5 Qg8 33. Bxg7+ Qxg7 34. f4 Nd5
35. Rd4 a5 36. Nc5 axb4 37. Bxd5 cxd5 38. axb4 Rxc5 39. bxc5 e6 40. Qc3 Qa7 41.
Qb4 Rc8 42. Qxb5 Rb8 43. Qc6 Qa3 44. Qc7 Qxg3+ 45. Kf1 Ne3+ 46. Rxe3 Rb1+ 47.
Ke2 Qg2# 0-1

[Event "4NCL Division 3"]
[Site "Daventry Court ENG"]
[Date "2014.03.22"]
[Round "7.166"]
[White "Peat, Matthew"]
[Black "Gibson, Christopher A"]
[Result "1-0"]
[WhiteElo "2063"]
[BlackElo "2022"]
[PlyCount "125"]
[EventDate "2014.03.22"]
[WhiteTeam "e2e4.org.uk 3"]
[BlackTeam "The Rookies"]

1. c4 c6 2. g3 d5 3. Nf3 Nf6 4. Bg2 e6 5. O-O Nbd7 6. d4 Bd6 7. Nc3 dxc4 8. Nd2
Nb6 9. Na4 Nxa4 10. Qxa4 O-O 11. Qxc4 e5 12. dxe5 Bxe5 13. Nf3 Bc7 14. Be3 Bb6
15. Rfd1 Qe7 16. Bxb6 axb6 17. Nd4 Bg4 18. Rd2 Ne4 19. Nxc6 bxc6 20. Qxe4 Qg5
21. Rd4 Be6 22. Qxc6 Rxa2 23. Rxa2 Bxa2 24. e3 Be6 25. Qxb6 Rc8 26. h4 Qe7 27.
Qd6 Qe8 28. Bf3 h6 29. b4 Qa4 30. Be4 g6 31. Kg2 Rc1 32. Bxg6 Qa1 33. Bxf7+
Bxf7 34. Rg4+ Kh7 35. Qd3+ Kh8 36. Qd8+ Kh7 37. Qd3+ Kh8 38. Qd4+ Qxd4 39. Rxd4
Rb1 40. Rf4 Kg7 41. Kf3 Rb2 42. g4 Bb3 43. Ke4 Bd1 44. Kd5 Be2 45. Kc5 Bf1 46.
Rf5 Bh3 47. f3 Rb3 48. Re5 Bf1 49. f4 Be2 50. g5 hxg5 51. hxg5 Kg6 52. Re6+ Kf7
53. f5 Rc3+ 54. Kb6 Rb3 55. g6+ Kf8 56. Kc5 Rc3+ 57. Kd4 Rc4+ 58. Ke5 Rxb4 59.
Kf6 Rb8 60. g7+ Kg8 61. Kg6 Bg4 62. e4 Bf3 63. f6 1-0

[Event "4NCL Division 3"]
[Site "Daventry Court ENG"]
[Date "2014.03.22"]
[Round "7.167"]
[White "Jaszkiwskyj, Peter"]
[Black "Denton, John R"]
[Result "0-1"]
[WhiteElo "1963"]
[BlackElo "2024"]
[PlyCount "72"]
[EventDate "2014.03.22"]
[WhiteTeam "The Rookies"]
[BlackTeam "e2e4.org.uk 3"]

1. d4 Nf6 2. Nf3 e6 3. Bf4 b6 4. e3 Bb7 5. Bd3 Be7 6. h3 d6 7. O-O O-O 8. c4
Ne4 9. Qc2 f5 10. Nc3 Nxc3 11. Qxc3 Nd7 12. b4 c5 13. bxc5 bxc5 14. Rab1 Bxf3
15. gxf3 g5 16. Bh2 f4 17. Rb7 cxd4 18. exd4 Rf6 19. Be4 Rc8 20. Qb3 Rc7 21.
Re1 Rh6 22. Kg2 Nf8 23. Rb1 Bf6 24. Qd3 Rxb7 25. Rxb7 Qe8 26. d5 Qh5 27. dxe6
Qxh3+ 28. Kg1 Qxh2+ 29. Kf1 Qh3+ 30. Ke2 Qxe6 31. Kd2 Qe5 32. Rb5 Qa1 33. Qd5+
Kh8 34. Rb8 Bg7 35. c5 Qc3+ 36. Ke2 Rh1 0-1

[Event "4NCL Division 3"]
[Site "Daventry Court ENG"]
[Date "2014.03.22"]
[Round "7.170"]
[White "Truman, Richard G"]
[Black "Ressel, Eva"]
[Result "1-0"]
[WhiteElo "1950"]
[BlackElo "1528"]
[PlyCount "45"]
[EventDate "2014.03.22"]
[WhiteTeam "e2e4.org.uk 3"]
[BlackTeam "The Rookies"]

1. d4 Nf6 2. c4 e6 3. Nc3 Bb4 4. e3 b6 5. Bd3 O-O 6. e4 d5 7. e5 Nfd7 8. Nf3 f6
9. cxd5 exd5 10. O-O Bxc3 11. bxc3 Re8 12. Qc2 g6 13. Bxg6 hxg6 14. Qxg6+ Kh8
15. exf6 Nxf6 16. Bg5 Rf8 17. Rae1 Qd6 18. Ne5 Be6 19. Bxf6+ Rxf6 20. Qxf6+ Kg8
21. Ng6 Bd7 22. Qh8+ Kf7 23. Ne5+ 1-0

[Event "4NCL Division 3"]
[Site "Daventry Court ENG"]
[Date "2014.03.22"]
[Round "7.175"]
[White "Mounce, Richard B"]
[Black "Taylor, Dale C"]
[Result "1-0"]
[WhiteElo "2051"]
[BlackElo "1949"]
[PlyCount "58"]
[EventDate "2014.03.22"]
[WhiteTeam "Jorvik"]
[BlackTeam "e2e4.org.uk 4"]

1. e4 c5 2. Nf3 Nc6 3. d4 cxd4 4. Nxd4 e5 5. Nb5 d6 6. N1c3 a6 7. Na3 b5 8. Nd5
Nge7 9. c4 Nd4 10. cxb5 Nxd5 11. exd5 Be7 12. Be3 Nf5 13. Bd2 O-O 14. bxa6 e4
15. Nc2 Bf6 16. Rb1 Qb6 17. Be2 Bxa6 18. O-O Bxe2 19. Qxe2 Rxa2 20. Qxe4 g6 21.
g4 Ng7 22. Qc4 Rxb2 23. Rxb2 Qxb2 24. Re1 Qb7 25. Nb4 Qc8 26. Nc6 Re8 27. Rc1
Qd7 28. Bh6 Qc7 29. Kf1 Be7 1-0

[Event "4NCL Division 3"]
[Site "Daventry Court ENG"]
[Date "2014.03.22"]
[Round "7.178"]
[White "Eilers, Arne"]
[Black "Flint, Martina"]
[Result "1-0"]
[WhiteElo "1939"]
[BlackElo "1848"]
[PlyCount "111"]
[EventDate "2014.03.22"]
[WhiteTeam "e2e4.org.uk 4"]
[BlackTeam "Jorvik"]

1. Nf3 f5 2. d3 Nf6 3. g3 g6 4. Bg2 c6 5. O-O Bg7 6. Nbd2 O-O 7. c3 Qe8 8. e4
fxe4 9. dxe4 Na6 10. Qe2 d6 11. Nc4 Ng4 12. h3 Nh6 13. Be3 b5 14. Ncd2 Nf7 15.
Bd4 e5 16. Be3 Nc7 17. a4 Ba6 18. Rfc1 bxa4 19. Qd1 c5 20. Qxa4 Bb5 21. Qa5 Ne6
22. b4 Nfd8 23. bxc5 Nxc5 24. Bxc5 dxc5 25. c4 Bc6 26. Qxc5 Ne6 27. Qe3 Nd4 28.
Nxd4 exd4 29. Qd3 Qf7 30. f4 Rfd8 31. e5 Bxg2 32. Kxg2 Qb7+ 33. Ne4 Bf8 34. Qf3
Qb2+ 35. Qf2 Qb7 36. Qf3 Qb2+ 37. Kh1 Be7 38. Rab1 Qa2 39. Qd3 Qa6 40. Ra1 Qc6
41. Qf3 Qe6 42. g4 d3 43. c5 Rf8 44. Qe3 Qc6 45. Kh2 a6 46. Kg3 Rfd8 47. Nd6
Bxd6 48. cxd6 Qb5 49. Rab1 Qd5 50. Rc5 Qe6 51. Qxd3 Kh8 52. Rb7 a5 53. Rcc7 a4
54. Rxh7+ Kg8 55. Rbg7+ Kf8 56. Re7 1-0

[Event "4NCL Division 3"]
[Site "Daventry Court ENG"]
[Date "2014.03.22"]
[Round "7.196"]
[White "Amato, Giampiero"]
[Black "Hughes, Roy"]
[Result "1/2-1/2"]
[WhiteElo "2012"]
[BlackElo "2037"]
[PlyCount "59"]
[EventDate "2014.03.22"]
[WhiteTeam "BCM Hippos (3)"]
[BlackTeam "Broadland"]

1. e4 d5 2. exd5 Qxd5 3. Nc3 Qd6 4. d4 Nf6 5. Be3 a6 6. Qd2 b5 7. Bd3 Bb7 8. f3
Nbd7 9. O-O-O e6 10. Nge2 c5 11. dxc5 Qc7 12. Ng3 Bxc5 13. Nce4 Bxe3 14. Qxe3
O-O 15. Kb1 Rac8 16. h3 Bd5 17. Nxf6+ Nxf6 18. Ne4 Bxe4 19. Bxe4 a5 20. Rd2 b4
21. Rhd1 a4 22. b3 a3 23. Qd4 Rb8 24. Qd6 Qa5 25. Rd4 h6 26. g4 Rfc8 27. h4 Ne8
28. Qe7 Nf6 29. Qd6 Ne8 30. Qe7 1/2-1/2

[Event "4NCL Division 3"]
[Site "Daventry Court ENG"]
[Date "2014.03.22"]
[Round "7.197"]
[White "McEwan, Ken B"]
[Black "Stayt, James N"]
[Result "1-0"]
[WhiteElo "2084"]
[BlackElo "1980"]
[PlyCount "51"]
[EventDate "2014.03.22"]
[WhiteTeam "Broadland"]
[BlackTeam "BCM Hippos (3)"]

1. d4 Nf6 2. Nf3 g6 3. Bf4 Bg7 4. e3 O-O 5. Bd3 b6 6. Qe2 Bb7 7. Nbd2 d6 8. h4
h5 9. e4 c5 10. c3 cxd4 11. cxd4 Nc6 12. O-O Ng4 13. Nb3 a5 14. d5 Nce5 15.
Nxe5 Nxe5 16. Bb5 Bc8 17. Rac1 Bd7 18. Nd4 Rc8 19. Rxc8 Qxc8 20. Rc1 Bxb5 21.
Nxb5 Qg4 22. Qxg4 Nxg4 23. b3 Rb8 24. Rc7 Kf8 25. Rxe7 Kxe7 26. Bxd6+ 1-0

[Event "4NCL Division 3"]
[Site "Daventry Court ENG"]
[Date "2014.03.22"]
[Round "7.206"]
[White "Hamer, Martyn"]
[Black "Shepley, Julien M"]
[Result "1-0"]
[WhiteElo "1996"]
[BlackElo "1990"]
[PlyCount "141"]
[EventDate "2014.03.22"]
[WhiteTeam "Manchester Manticores 1"]
[BlackTeam "Guildford 4"]

1. Nf3 d6 2. d4 Nf6 3. c4 c6 4. Nc3 Nbd7 5. g3 e5 6. e4 Qc7 7. Bg2 a5 8. O-O
Be7 9. h3 O-O 10. Be3 Re8 11. Qc2 exd4 12. Nxd4 Nc5 13. Rad1 Bf8 14. Bg5 Nfd7
15. b3 Ne6 16. Bc1 Nxd4 17. Rxd4 Nc5 18. Rfd1 Ne6 19. R4d2 b6 20. f4 Bb7 21. a3
Nc5 22. b4 axb4 23. axb4 Na6 24. Qb3 Rad8 25. Bb2 Bc8 26. b5 Nc5 27. Qc2 Bb7
28. bxc6 Bxc6 29. Nd5 Qb7 30. Ra1 Ra8 31. Qc3 Rxa1+ 32. Bxa1 Ra8 33. Rd1 Ra2
34. Nb4 Rxg2+ 35. Kxg2 Bxe4+ 36. Kh2 f5 37. Nd5 Qa6 38. Rd2 Nd3 39. Rxd3 Bxd3
40. Nb4 Qxc4 41. Nxd3 Qxc3 42. Bxc3 Kf7 43. Kg2 Ke6 44. Nb4 d5 45. Kf3 d4 46.
Be1 Bc5 47. Ke2 h6 48. h4 g6 49. Kd3 b5 50. Na2 g5 51. h5 gxf4 52. gxf4 Bd6 53.
Bg3 Kd5 54. Nc1 b4 55. Nb3 Ke6 56. Kxd4 Be7 57. Kc4 Bd6 58. Nd4+ Kf6 59. Nc2
Ke6 60. Nxb4 Bxb4 61. Kxb4 Kd5 62. Bh2 Ke4 63. Kc5 Kf3 64. Kd5 Kg4 65. Ke5 Kxh5
66. Kxf5 Kh4 67. Kg6 h5 68. f5 Kg4 69. f6 h4 70. f7 Kh3 71. Bc7 1-0

[Event "4NCL Division 3"]
[Site "Daventry Court ENG"]
[Date "2014.03.22"]
[Round "7.207"]
[White "Punnett, Alan K"]
[Black "Whitehead, Mark A"]
[Result "1-0"]
[WhiteElo "2051"]
[BlackElo "2012"]
[PlyCount "111"]
[EventDate "2014.03.22"]
[WhiteTeam "Guildford 4"]
[BlackTeam "Manchester Manticores 1"]

1. e4 c5 2. Nf3 e6 3. g3 Nc6 4. Bg2 g6 5. O-O Bg7 6. c3 Nge7 7. d4 cxd4 8. cxd4
d5 9. e5 Nf5 10. Nc3 a6 11. Bg5 f6 12. exf6 Bxf6 13. Bxf6 Qxf6 14. Ne2 O-O 15.
Qd2 Bd7 16. Rad1 Nd6 17. Nc3 b5 18. Ne5 Be8 19. Qe2 h5 20. Nxc6 Bxc6 21. b4
Rae8 22. Qe5 Qxe5 23. dxe5 Nc4 24. Rfe1 g5 25. Ne2 Bd7 26. Nd4 Re7 27. Re2 Kg7
28. f3 g4 29. f4 Be8 30. f5 exf5 31. Bxd5 Bd7 32. e6 Be8 33. Bc6 Bg6 34. Bd7
Kf6 35. Nc6 Nb6 36. Nxe7 Kxe7 37. Bc6 f4 38. gxf4 Rxf4 39. a3 Rf8 40. Bb7 Be8
41. Rc2 Kxe6 42. Re2+ Kf7 43. Rd8 Rh8 44. Bc6 Bxc6 45. Rxh8 Bf3 46. Ree8 Nc4
47. Rhf8+ Kg7 48. Rxf3 gxf3 49. Kf2 Nxa3 50. Kxf3 Nc4 51. Ra8 Nb6 52. Ra7+ Kg8
53. Ke4 Nc4 54. Rxa6 Kg7 55. Kd4 h4 56. Kc5 1-0

[Event "4NCL Division 3"]
[Site "Daventry Court ENG"]
[Date "2014.03.22"]
[Round "7.208"]
[White "Mulleady, Peter J"]
[Black "Stimpson, Philip M"]
[Result "1/2-1/2"]
[WhiteElo "1896"]
[BlackElo "2008"]
[PlyCount "61"]
[EventDate "2014.03.22"]
[WhiteTeam "Manchester Manticores 1"]
[BlackTeam "Guildford 4"]

1. c4 e5 2. g3 Nf6 3. Bg2 c6 4. d3 d5 5. b3 Bb4+ 6. Bd2 Qe7 7. Bxb4 Qxb4+ 8.
Qd2 a5 9. Nf3 Nbd7 10. O-O O-O 11. Nc3 d4 12. Na4 b5 13. Nb2 Bb7 14. Rfc1 Qxd2
15. Nxd2 b4 16. Na4 Rac8 17. c5 Nd5 18. Nc4 Nc3 19. Nxc3 bxc3 20. Nxa5 Nxc5 21.
b4 Ra8 22. Nxb7 Nxb7 23. Bxc6 Ra7 24. a4 Rc8 25. Bd5 Nd6 26. b5 Rb8 27. Kf1 Nb7
28. e3 Nc5 29. Ke2 Nxa4 30. Bb3 Rba8 31. Bd5 1/2-1/2

[Event "4NCL Division 3"]
[Site "Daventry Court ENG"]
[Date "2014.03.22"]
[Round "7.209"]
[White "Singleton, Michael PF"]
[Black "Lonsdale, Jon I"]
[Result "1/2-1/2"]
[WhiteElo "2134"]
[BlackElo "1773"]
[PlyCount "43"]
[EventDate "2014.03.22"]
[WhiteTeam "Guildford 4"]
[BlackTeam "Manchester Manticores 1"]

1. d4 Nf6 2. c4 c5 3. d5 b5 4. cxb5 a6 5. Nc3 axb5 6. e4 b4 7. Nb5 d6 8. Bf4 g5
9. Bxg5 Nxe4 10. Bf4 Nf6 11. Bc4 Bg7 12. Nf3 O-O 13. O-O Nbd7 14. Qd3 Nb6 15.
b3 Nxc4 16. bxc4 Bd7 17. Rfe1 Bxb5 18. cxb5 Ra3 19. Qd2 Qd7 20. Bh6 Qf5 21.
Bxg7 Kxg7 22. Rad1 1/2-1/2

[Event "4NCL Division 3"]
[Site "Daventry Court ENG"]
[Date "2014.03.22"]
[Round "7.210"]
[White "Norris, Michael J"]
[Black "Klein, Raimund"]
[Result "0-1"]
[WhiteElo "1923"]
[BlackElo "1966"]
[PlyCount "66"]
[EventDate "2014.03.22"]
[WhiteTeam "Manchester Manticores 1"]
[BlackTeam "Guildford 4"]

1. d4 Nf6 2. c4 g6 3. Nc3 Bg7 4. e4 d6 5. f3 O-O 6. Bg5 c5 7. d5 Na6 8. Qd2 Bd7
9. Nge2 Nc7 10. a4 b6 11. Ng3 a6 12. Bd3 b5 13. axb5 axb5 14. Rxa8 Qxa8 15.
Nxb5 Nxb5 16. cxb5 Qa1+ 17. Kf2 Qa4 18. b4 cxb4 19. Rb1 b3 20. b6 Rb8 21. Be3
Qa2 22. Ke1 Ba4 23. Ne2 Nd7 24. Qa5 Ne5 25. Qa6 Nxd3+ 26. Qxd3 Bb5 27. Qxb5
Qxb1+ 28. Kf2 Qa2 29. b7 b2 30. Qc6 Qa5 31. Qc8+ Qd8 32. Qc2 Rxb7 33. Qb1 Qa5
0-1

[Event "4NCL Division 3"]
[Site "Daventry Court ENG"]
[Date "2014.03.22"]
[Round "7.215"]
[White "Majer, Chris E"]
[Black "Chan, Nevil"]
[Result "1/2-1/2"]
[WhiteElo "1986"]
[BlackElo "2004"]
[PlyCount "77"]
[EventDate "2014.03.22"]
[WhiteTeam "MK Phoenix 2"]
[BlackTeam "Cambridge University 3"]

1. e4 Nc6 2. Nc3 Nf6 3. d4 d5 4. e5 Nd7 5. e6 fxe6 6. Bd3 Nf6 7. Nf3 g6 8. Bf4
Nh5 9. Be5 Nxe5 10. Nxe5 Nf4 11. O-O Bg7 12. Re1 O-O 13. Bf1 c6 14. g3 Nh5 15.
Bh3 Qd6 16. Qd3 Nf6 17. Re2 Ne8 18. Rae1 Nc7 19. Qd2 b6 20. f4 c5 21. Rf2 cxd4
22. Qxd4 Bd7 23. Rfe2 Bxe5 24. Rxe5 Qc5 25. Qf2 Qxf2+ 26. Kxf2 Rac8 27. Ke3 Rf6
28. Kd4 Kf7 29. Bg2 Nb5+ 30. Nxb5 Bxb5 31. c3 Rc7 32. Bh3 Bd7 33. R1e2 Rc4+ 34.
Kd3 Rc6 35. Kd4 Bc8 36. Re1 Bd7 37. R1e2 Rc5 38. Re1 Bc8 39. a3 1/2-1/2

[Event "4NCL Division 3"]
[Site "Daventry Court ENG"]
[Date "2014.03.22"]
[Round "7.216"]
[White "Campbell, Mark C"]
[Black "Martinez Villena, David"]
[Result "1/2-1/2"]
[WhiteElo "1951"]
[BlackElo "1986"]
[PlyCount "58"]
[EventDate "2014.03.22"]
[WhiteTeam "Cambridge University 3"]
[BlackTeam "MK Phoenix 2"]

1. e4 d5 2. exd5 Nf6 3. d4 Nxd5 4. Nf3 Bg4 5. Be2 e6 6. O-O Be7 7. b3 Nc6 8. c4
Nb6 9. Bb2 Bf6 10. Ne5 Bxe2 11. Nxc6 Bxd1 12. Nxd8 Rxd8 13. Rxd1 c5 14. Na3
cxd4 15. Nb5 a6 16. Bxd4 Bxd4 17. Nxd4 Ke7 18. Nf3 f6 19. Kf1 e5 20. Ke2 g6 21.
Ne1 f5 22. f3 Rxd1 23. Rxd1 Rd8 24. Rxd8 Kxd8 25. Nd3 Nd7 26. Ke3 Ke7 27. Nb4
Nf6 28. Nd3 Nd7 29. Nb4 Nf6 1/2-1/2

[Event "4NCL Division 3"]
[Site "Daventry Court ENG"]
[Date "2014.03.22"]
[Round "7.217"]
[White "Elwin, Adrian G"]
[Black "Kreuzer, Christopher RL"]
[Result "0-1"]
[WhiteElo "1978"]
[BlackElo "1916"]
[PlyCount "86"]
[EventDate "2014.03.22"]
[WhiteTeam "MK Phoenix 2"]
[BlackTeam "Cambridge University 3"]

1. d4 Nf6 2. c4 e6 3. Nc3 Bb4 4. Qc2 c5 5. Nf3 Nc6 6. e3 d5 7. a3 Bxc3+ 8. bxc3
Ne4 9. Bd3 Qa5 10. O-O f5 11. Nd2 Qd8 12. cxd5 exd5 13. f3 c4 14. Bxe4 O-O 15.
Bb2 fxe4 16. fxe4 Be6 17. Rxf8+ Qxf8 18. Rf1 Qe7 19. exd5 Bxd5 20. e4 Bf7 21.
Qd1 b5 22. Qf3 Rd8 23. Bc1 a5 24. Qe3 b4 25. axb4 axb4 26. cxb4 Rxd4 27. b5 Rd3
28. Qb6 Ne5 29. Nf3 Nxf3+ 30. gxf3 Qd7 31. Qb8+ Be8 32. b6 Rb3 33. Qc7 Qd4+ 34.
Kh1 Rxb6 35. Qe7 Bh5 36. Bf4 Qd3 37. Kg2 Rb2+ 38. Kg3 Rb6 39. Rf2 h6 40. Qc5
Rg6+ 41. Kh4 Bxf3 42. Rd2 Rg4+ 43. Kh3 Qf1+ 0-1

[Event "4NCL Division 3"]
[Site "Daventry Court ENG"]
[Date "2014.03.22"]
[Round "7.218"]
[White "Lim, Mark"]
[Black "Adebajo, Olufemi"]
[Result "1-0"]
[WhiteElo "1852"]
[BlackElo "1977"]
[PlyCount "103"]
[EventDate "2014.03.22"]
[WhiteTeam "Cambridge University 3"]
[BlackTeam "MK Phoenix 2"]

1. Nf3 Nf6 2. c4 d6 3. g3 g6 4. b4 Bg7 5. Bb2 O-O 6. Bg2 e5 7. d3 Nc6 8. b5 Ne7
9. O-O a6 10. a4 c6 11. bxc6 Nxc6 12. c5 Re8 13. cxd6 Qxd6 14. Nbd2 Bg4 15. Nc4
Qc7 16. Rc1 Nd7 17. h3 Be6 18. Ng5 Bxc4 19. Rxc4 Qd8 20. Ne4 Nb6 21. Rc1 Rb8
22. Nc5 Nd5 23. Qb3 Ndb4 24. Ba3 a5 25. Bxb4 Nxb4 26. Nxb7 Qb6 27. Nc5 Qa7 28.
Ne4 Nc6 29. Qd5 Nd4 30. Rfe1 Red8 31. Qa2 Rb4 32. Rb1 Rdb8 33. Nd2 Nf5 34. e3
Rd8 35. Rxb4 axb4 36. Qb3 Bf8 37. Nc4 Qc5 38. Be4 Kg7 39. Ra1 Nd6 40. Bg2 f5
41. a5 Nb5 42. a6 Kh6 43. Ra5 f4 44. a7 fxe3 45. fxe3 Qc7 46. a8=Q Rxa8 47.
Rxa8 Bc5 48. Re8 Nd6 49. Rxe5 Nf5 50. g4 Ng3 51. g5+ Kh5 52. Qd1+ 1-0

[Event "4NCL Division 3"]
[Site "Daventry Court ENG"]
[Date "2014.03.22"]
[Round "7.220"]
[White "Ivanov, Elizabeth"]
[Black "Valentine, Brian J"]
[Result "0-1"]
[WhiteElo "1595"]
[BlackElo "1974"]
[PlyCount "64"]
[EventDate "2014.03.22"]
[WhiteTeam "Cambridge University 3"]
[BlackTeam "MK Phoenix 2"]

1. e4 e5 2. Nf3 Nc6 3. d4 exd4 4. Bc4 Nf6 5. O-O Nxe4 6. Re1 d5 7. Bxd5 Qxd5 8.
Nc3 Qa5 9. Nxe4 Be7 10. Bg5 f6 11. Bh4 Bg4 12. h3 Bxf3 13. Qxf3 O-O-O 14. a3 g5
15. b4 Qd5 16. Bg3 f5 17. Nd2 Qxf3 18. Nxf3 Bf6 19. Rad1 f4 20. Bh2 Rhe8 21.
Kf1 a6 22. Nd2 h6 23. Ne4 Be5 24. f3 d3 25. c3 Ne7 26. Rd2 Nf5 27. Bg1 Ng3+ 28.
Nxg3 fxg3 29. Red1 Bxc3 30. Ra2 Rd6 31. Bc5 Rde6 32. b5 Re1+ 0-1

[Event "4NCL Division 3"]
[Site "Daventry Court ENG"]
[Date "2014.03.22"]
[Round "7.225"]
[White "Jina, Taran"]
[Black "Plater, Ron"]
[Result "1/2-1/2"]
[WhiteElo "1720"]
[BlackElo "1938"]
[PlyCount "104"]
[EventDate "2014.03.22"]
[WhiteTeam "Midland Monarchs"]
[BlackTeam "North East England 2"]

1. e4 e6 2. d4 d5 3. Nd2 dxe4 4. Nxe4 Nd7 5. Nf3 Ngf6 6. Ng3 Be7 7. Bd3 O-O 8.
O-O b6 9. Re1 Bb7 10. c3 c5 11. Qe2 Re8 12. Be3 a6 13. Rad1 Qc7 14. Nd2 g6 15.
Nde4 Nxe4 16. Bxe4 Rad8 17. Bf4 Qxf4 18. Bxb7 a5 19. Bc6 Qc7 20. Qb5 Rf8 21. d5
Nb8 22. c4 Nxc6 23. dxc6 Rxd1 24. Rxd1 Rd8 25. Rd7 Rxd7 26. cxd7 Qd6 27. h3 Bd8
28. Ne4 Qd1+ 29. Kh2 Kf8 30. Nc3 Qd6+ 31. g3 Ke7 32. Ne4 Qxd7 33. Qb3 f5 34.
Ng5 Qd2 35. Qe3 Qxe3 36. fxe3 Kf6 37. h4 h6 38. Nf3 Bc7 39. Kg2 g5 40. hxg5+
hxg5 41. Kf2 Be5 42. b3 Bc3 43. Ke2 g4 44. Nh4 Be5 45. Kf2 Kg5 46. Ng2 Bd6 47.
Ne1 e5 48. Nd3 Kf6 49. Kg2 Bf8 50. Kf2 Bh6 51. Nb2 Ke6 52. Na4 Bg5 1/2-1/2

[Event "4NCL Division 3"]
[Site "Daventry Court ENG"]
[Date "2014.03.22"]
[Round "7.235"]
[White "Jamieson, Ian M"]
[Black "Wallis, Ian J"]
[Result "0-1"]
[WhiteElo "1980"]
[BlackElo "2019"]
[PlyCount "67"]
[EventDate "2014.03.22"]
[WhiteTeam "Cheddleton 3"]
[BlackTeam "Anglian Avengers 3"]

1. c4 e5 2. g3 Nf6 3. Bg2 h6 4. Nc3 Bb4 5. Nd5 Nxd5 6. cxd5 O-O 7. a3 Bc5 8. e3
d6 9. Ne2 Bb6 10. O-O Bf5 11. d4 f6 12. b4 Nd7 13. Bb2 Qe8 14. a4 a5 15. b5 Qh5
16. Rc1 Rae8 17. Qd2 Bh3 18. dxe5 fxe5 19. Bxh3 Qxh3 20. f3 Rf7 21. Kh1 Nc5 22.
Ng1 Qd7 23. Qc2 e4 24. Bd4 Nd3 25. Rcd1 Bxd4 26. exd4 Nb4 27. Qc4 Qf5 28. Kg2
Nxd5 29. Rde1 exf3+ 30. Rxf3 Rxe1 31. Rxf5 Ne3+ 32. Kf2 Nxc4 33. Rxf7 Kxf7 34.
Kxe1 0-1

[Event "4NCL Division 3"]
[Site "Daventry Court ENG"]
[Date "2014.03.22"]
[Round "7.246"]
[White "Gilbert, Jonathan A"]
[Black "Taylor, John Paul J"]
[Result "1-0"]
[WhiteElo "2063"]
[BlackElo "1962"]
[PlyCount "107"]
[EventDate "2014.03.22"]
[WhiteTeam "The Full Ponty"]
[BlackTeam "Bristol 2"]

1. e4 e6 2. d4 d5 3. Nc3 Bb4 4. e5 c5 5. Bd2 Bd7 6. Qg4 Ne7 7. dxc5 Bxc3 8.
Bxc3 Nf5 9. Bd3 h5 10. Qf4 Nc6 11. Bxf5 exf5 12. Nf3 Qe7 13. O-O Be6 14. b4 Rg8
15. b5 g5 16. Qa4 Nd8 17. Bb4 a5 18. Ba3 g4 19. c6 Qc7 20. Bd6 Qb6 21. Nd4 g3
22. fxg3 Rc8 23. Kh1 bxc6 24. bxc6 Nxc6 25. Nxe6 fxe6 26. Qh4 Qb7 27. Qxh5+ Qf7
28. Qe2 Qh7 29. Qa6 Kd8 30. Rf3 Rh8 31. h3 Qh5 32. Qb6+ Kd7 33. Qb7+ Kd8 34.
Qg7 Rh7 35. Qf6+ Kd7 36. Rb1 Nb4 37. c3 Rf7 38. Qh4 Qxh4 39. gxh4 Nxa2 40. Rb3
Rc4 41. g4 Kc6 42. h5 a4 43. Rb8 Nxc3 44. Rxc3 Rxc3 45. Rc8+ Kb5 46. Rxc3 fxg4
47. hxg4 Rf4 48. Rg3 Kc4 49. h6 Rf7 50. g5 d4 51. g6 Rf1+ 52. Kg2 Rf5 53. g7 d3
54. g8=Q 1-0

[Event "4NCL Division 3"]
[Site "Daventry Court ENG"]
[Date "2014.03.22"]
[Round "7.249"]
[White "Wang, Alyssa"]
[Black "Dixon, Chris"]
[Result "0-1"]
[WhiteElo "1599"]
[BlackElo "1830"]
[PlyCount "110"]
[EventDate "2014.03.22"]
[WhiteTeam "Bristol 2"]
[BlackTeam "The Full Ponty"]

1. d4 Nf6 2. c4 e6 3. Nc3 d5 4. Bg5 Be7 5. Nf3 O-O 6. e3 h6 7. Bh4 b6 8. cxd5
exd5 9. Be2 Be6 10. O-O c5 11. Rc1 c4 12. Ne5 Ne4 13. Bxe7 Nxc3 14. Bxd8 Nxd1
15. Rfxd1 Rxd8 16. Bf3 b5 17. a4 a6 18. Ra1 f6 19. Ng6 Nc6 20. Nf4 Bf7 21. axb5
axb5 22. Rxa8 Rxa8 23. Nxd5 Ra2 24. Nc3 Rxb2 25. Nxb5 Nb4 26. Nd6 c3 27. Be4 c2
28. Ra1 Na2 29. Bxc2 Rxc2 30. h3 Rc1+ 31. Rxc1 Nxc1 32. Nxf7 Kxf7 33. Kf1 Ke6
34. e4 Nb3 35. d5+ Ke5 36. f3 f5 37. d6 Nc5 38. exf5 Kxf5 39. Kf2 Ke6 40. Kg3
Kxd6 41. Kg4 Ke6 42. Kh5 Kf6 43. h4 Ne6 44. Kg4 Nd4 45. f4 Kg6 46. h5+ Kf6 47.
g3 Ke6 48. Kh4 Kf5 49. Kh3 Nf3 50. Kg2 Kg4 51. Kf2 Nd4 52. Ke3 Nf5+ 53. Ke4
Nxg3+ 54. Ke5 Nxh5 55. f5 Nf6 0-1

[Event "4NCL Division 3"]
[Site "Daventry Court ENG"]
[Date "2014.03.22"]
[Round "7.250"]
[White "Gilbert, Colin"]
[Black "Woolgar, Steven G"]
[Result "1/2-1/2"]
[WhiteElo "1789"]
[BlackElo "1880"]
[PlyCount "35"]
[EventDate "2014.03.22"]
[WhiteTeam "The Full Ponty"]
[BlackTeam "Bristol 2"]

1. d4 Nf6 2. c4 e6 3. Nc3 Bb4 4. Qc2 O-O 5. Bd2 b6 6. e3 Bb7 7. f3 d5 8. a3 Be7
9. cxd5 Nxd5 10. Nxd5 Bxd5 11. Bd3 h6 12. e4 Bb7 13. Ne2 c5 14. dxc5 Bxc5 15.
b4 Bd4 16. Nxd4 Qxd4 17. Bc3 Qe3+ 18. Qe2 1/2-1/2

[Event "4NCL Division 3"]
[Site "Daventry Court ENG"]
[Date "2014.03.22"]
[Round "7.255"]
[White "Turner, John M"]
[Black "Stewart, Joseph J"]
[Result "0-1"]
[WhiteElo "2035"]
[BlackElo "2196"]
[PlyCount "80"]
[EventDate "2014.03.22"]
[WhiteTeam "Holmes Chapel"]
[BlackTeam "Gloucestershire Gambits"]

1. e4 c5 2. Nc3 Nc6 3. Bb5 Nd4 4. Bc4 e6 5. Nf3 a6 6. d3 b5 7. Bb3 Nxb3 8. axb3
Bb7 9. O-O Rc8 10. Bf4 d6 11. Re1 Nf6 12. e5 dxe5 13. Nxe5 Be7 14. Bg3 O-O 15.
Qe2 Qd4 16. h3 h6 17. Nf3 Qd8 18. Ne5 Nd7 19. Nxd7 Qxd7 20. Rad1 Rfd8 21. Be5
Bf8 22. f3 f6 23. Bg3 e5 24. f4 Qd4+ 25. Qf2 exf4 26. Bxf4 Qxf2+ 27. Kxf2 Kf7
28. Kf1 g5 29. Bg3 f5 30. Be5 Rd7 31. Rd2 Re8 32. Rde2 Rde7 33. g3 Kg6 34. Kf2
Kf7 35. Kf1 Re6 36. Kf2 Bc6 37. Kf1 Be7 38. Kf2 Bd8 39. Kf1 Bb6 40. Nd1 Bf3 0-1

[Event "4NCL Division 3"]
[Site "Daventry Court ENG"]
[Date "2014.03.22"]
[Round "7.1"]
[White "Bennett, Patrick"]
[Black "Lambourne, Daniel M"]
[Result "1/2-1/2"]
[WhiteElo "2014"]
[BlackElo "2014"]
[PlyCount "55"]
[EventDate "2014.03.22"]
[WhiteTeam "Holmes Chapel"]
[BlackTeam "Gloucestershire Gambits"]

1. d4 Nf6 2. Nf3 e6 3. e3 d5 4. Bd3 c5 5. b3 Nc6 6. O-O Bd6 7. Bb2 O-O 8. Nbd2
cxd4 9. exd4 Qc7 10. c4 Bf4 11. Re1 Nb4 12. Bb1 Ng4 13. g3 Bh6 14. h3 Nf6 15.
Ne5 g6 16. a3 Nc6 17. Bd3 Nxe5 18. dxe5 Nh5 19. Nf3 dxc4 20. Bxc4 Rd8 21. Qe2
b6 22. Bc1 Bxc1 23. Raxc1 Qe7 24. a4 Bb7 25. Qe3 Ng7 26. g4 Bxf3 27. Qxf3 Qg5
28. Qe3 1/2-1/2